| 000 | 00452nam a2200169Ia 4500 | ||
|---|---|---|---|
| 005 | 20240925071724.0 | ||
| 008 | 240331s9999 xx 000 0 und d | ||
| 020 | _a9558231002 | ||
| 082 |
_bPIL _a782 |
||
| 100 | _aPilendran, G.V. | ||
| 245 | 0 |
_aTamil catholic literary tradition of Sri Lanka : _bVol.1 |
|
| 260 |
_aJaffna _bCatholic Students union _c1998 |
||
| 300 | _axix, 185 p ., | ||
| 650 | _aHistoric-critical | ||
| 650 | _aliterary | ||
| 942 | _cL | ||
| 999 |
_c3083 _d3083 |
||